Stopnie w PSP - Nagła śmierć - Statystyki

Ogólne statystyki
  • Ten quiz został rozwiązany 87 razy
  • Średni wynik to 5 z 10
Answers on the Grid
Answers color-coded by a green-red scale on the quiz's grid according to % correct below.
Aspirant
Szeregowy
Sekcyjny
Ogniomistrz
Brygadier
Chorąży
Młodszy chorąży
Młodszy aspirant
Nadinspektor
Starszy chorąży
Generał brygadier
Podinspektor
Nadchorąży
Aspirant sztabowy
Nadkomisarz
Plutonowy
Starszy zastępowy
Kapitan
Kapral
Strażak
Sierżant
Starszy sierżant
Starszy Brygadier
Młodszy strażak
Zastępowy
 
Statystyki odpowiedzi
Odpowiedź % Poprawnych
Aspirant
75%
Ogniomistrz
68%
Brygadier
60%
Sekcyjny
60%
Strażak
53%
Generał brygadier
43%
Kapitan
43%
Młodszy aspirant
43%
Aspirant sztabowy
40%
Starszy Brygadier
40%
Nie znaleziono quizów pasujących do podanych kryteriów
Rozkład punktacji
Procent ludzi z każdym wynikiem
Percentyl według liczby udzielonych odpowiedzi
Twoja historia wyników
Nie rozwiązałeś tego quizu